Quick Pick: Beatles Missing Words Quiz Stats

Quiz Updated Jun 10, 2016

Challenge
Share
Tweet
Embed
Score 0/11 Timer 01:00
0 Plays Today
% Correct
Day's
91.5%
Forever
91.2%
Standing
90.7%
Here
87.6%
P.S.
85.6%
Away
76.7%
Never
76.3%
Something
71.4%
This
63.9%
Being
62.8%
Within
58.2%

Today's Daily Dose

You're not logged in!

Compare scores with friends on all Sporcle quizzes.
Join for Free
OR
Log In

You Might Also Like...

Show Comments

Extras

Top Quizzes Today


Score Distribution

Your Account Isn't Verified!

In order to create a playlist on Sporcle, you need to verify the email address you used during registration. Go to your Sporcle Settings to finish the process.

Report this User

Report this user for behavior that violates our Community Guidelines.

Details: